00427nam a2200181Ia 4500008004100000020001800041050001400059100001800073245003400091245001800125260001500143260001600158260000900174300001600183300002700199300001000226500000900236170918s9999 xx 000 0 und d a9780440439882 bO235 1960 aO'Dell, Scott aIsland of the blue dolphins / cScott O'Dell. aNew York : bScholastic, c1960 a184 pages : bcolored illustration ; c19cm. a1000